Les 206 os du corps humain - Statistiques

Statistiques générales
  • Ce quiz a été pris 4 098 fois
  • Le résultat moyen est 15 sur 90
Statistiques - réponses
Par images Réponse % Correct
Péroné
72%
Tibia
67%
Coccyx
65%
Fémur
64%
Humérus
56%
clavicules
50%
Cubitus
46%
C1 (Atlas)
44%
Mandibule
44%
Rotule
44%
Marteau
42%
Occipital
38%
C7
34%
Phalanges distales
30%
Radius
29%
Etrier
27%
Omoplates
27%
Frontal
24%
L2
24%
Sternum
23%
Maxillaires
20%
Sacrum
20%
Métatarse
19%
C2 (Axis)
18%
Phalanges proximales
18%
Pisiforme
18%
T12
18%
T6
18%
K3
17%
Trapézoïde
17%
Trapèze
16%
2e Cunéiforme
15%
Cuboïde
15%
L1
15%
T8
15%
3e Cunéiforme
14%
Hyoïde
14%
Phalanges intermédiaires
14%
K2
13%
Sphénoïde
13%
Enclume
12%
K9
12%
T7
12%
Zygomatiques
12%
C3
11%
K4
11%
Métacarpes
11%
C4
10%
C6
10%
Nasals
10%
T3
10%
K1
9%
K6
9%
T9
9%
L3
8%
Os iliaque
8%
Pariétaux
8%
T11
8%
Calcanéum
7%
Scaphoïde
7%
K8
6%
L5
6%
Phalanges distales
6%
T2
6%
Astragale
5%
C5
5%
K7
5%
L4
5%
Palatins
5%
Phalanges proximales
5%
Semi-lunaire
5%
Temporaux
5%
Vomer
5%
1er Cunéiforme
4%
K10
4%
K11
4%
K12
4%
K5
4%
Os crochu
4%
Phalanges intermédiaires
4%
Scaphoïde
4%
T1
4%
T5
4%
Cornets nasals inférieurs
3%
Grand os
3%
Lacrymaux
3%
Pyramidal
3%
T10
3%
T4
3%
Ethmoïde
2%
Aucun quiz correspondant
Distribution des résultats
% des personnes avec chaque résultat
Percentile par nombre de réponses
Votre historique - résultats
Vous n’avez pas pris ce quiz